000 00310pab a2200133 454500
008 180718b xxu||||| |||| 00| 0 eng d
100 _aSimba, S.L.N.
245 _aThe Stock Market Scandal
650 _a Mehta
650 _a Stock-Market
650 _aCorruption
773 _aFinancial Express
909 _a21807
999 _c21807
_d21807